000 00773nam0a22002531 4500
001 rc\1028958
005 20250622083557.0
035 _a(NLR Aleph) 006192847
090 _a6184620
_c6184620
100 _a20041129d1981 |||y0rusy50 ca
101 0 _arus
102 _aRU
105 _aa |||||||||
200 1 _aСистемные механизмы эмоционального стресса
210 _aМ.
_cМедицина
_d1981
215 _a230 с.
_cил.
_d20
300 _aВ надзаг.: АМН СССР
320 _aБиблиогр.: с. 221-229
700 1 _aСудаков
_bК.В.
_f1932-
_gКонстантин Викторович
801 0 _aRU
_bNLR
_gpsbo
801 1 _aRU
_bELAR
_2rusmarc
852 _aNLR
_j81-3/11652
942 _cBOOK
980 _aNB